Movies Quiz

Random Movies or Box Office Quiz
Score 0/300 Timer 20:00
4 Plays Today
Adj. Gross Movie % Correct
1350.7Star Wars Episode IV: A New Hope
90.5%
702.5Star Wars Episode V: The Empire Strikes Back
90.1%
664.0Star Wars Episode VI: Return of the Jedi
90.1%
441.1Star Wars Episode III: The Revenge of the Sith
89.3%
391.5Star Wars Episode II: Attack of the Clones
89.3%
586.3Star Wars Episode I: The Phantom Menace
89.3%
847.1Titanic
88.9%
1507.8Gone With the Wind
87.5%
806.1Avatar
83.2%
733.1The Godfather
78.6%
263.4The Godfather: Part II
78.3%
459.7Batman
75.3%
238.1Batman Begins
74.9%
1097.2Jaws
74.7%
285.8Toy Story
74.6%
334.4Toy Story 2
74.5%
423.3Toy Story 3
74.4%
263.7Batman Returns
74.4%
274.2Batman Forever
74.1%
358.1Jaws 2
72.6%
974.3E.T.: The Extra-Terrestrial
72.4%
600.3Raiders of the Lost Ark
72%
560.0The Dark Knight
71%
821.6Snow White and the Seven Dwarfs
70.5%
406.5Harry Potter and the Sorcerer's Stone
70.3%
336.4Harry Potter and the Goblet of Fire
70.2%
299.4Harry Potter and the Prisoner of Azkaban
70.2%
320.1Harry Potter and the Half-Blood Prince
70.1%
330.0Harry Potter and the Chamber of Secrets
70.1%
318.3Harry Potter and the Order of the Phoenix
70.1%
508.7Spider-Man
69.7%
463.4The Lord of the Rings: The Return of the King
69.7%
380.5Harry Potter and the Deathly Hallows: Part II
69.6%
448.2Spider-Man 2
69.6%
430.7The Lord of the Rings: The Two Towers
69.5%
366.8Spider-Man 3
69.5%
300.9Harry Potter and the Deathly Hallows: Part I
69.5%
402.9The Lord of the Rings: The Fellowship of the Ring
69.5%
467.0Superman
68.2%
392.2Indiana Jones and the Temple of Doom
68%
360.9Indiana Jones and the Last Crusade
67.9%
270.5Superman 2
67.8%
332.9Indiana Jones and the Kingdom of the Crystal Skull
67.2%
226.1Superman Returns
66.9%
591.7The Lion King
65.3%
1175.0The Sound of Music
64.5%
560.1Jurassic Park
63.6%
354.6Cinderella
63.2%
323.0The Lost World: Jurassic Park
63.2%
504.4Forrest Gump
63%
334.5Iron Man
63%
318.6Iron Man 2
62.9%
467.6Rocky
62.8%
231.9Jurassic Park 3
62.5%
266.7Rocky 2
62.5%
293.8Rocky III
62.5%
269.9Rocky IV
62.4%
342.7Shrek
60.4%
529.4Shrek 2
60.4%
351.7Shrek the Third
60.3%
274.6Beauty and the Beast
60%
243.5Shrek Forever After
59.8%
342.2Terminator 2: Judgment Day
59.8%
273.2Star Trek
59.2%
257.6Star Trek: The Motion Picture
59.2%
227.1Star Trek IV: The Voyage Home
58.2%
239.3The Wizard of Oz
57.1%
352.2Aladdin
57.1%
374.1Goldfinger
57%
417.8Finding Nemo
56.1%
300.7Saving Private Ryan
55.6%
478.3Pirates of the Caribbean: Dead Man's Chest
55.3%
337.2Pirates of the Caribbean: At World's End
55.1%
375.6Pirates of the Caribbean: The Curse of the Black Pearl
54.9%
275.8Cars
54.8%
378.6Ghost
54.8%
310.6Up
54.4%
241.1Pirates of the Caribbean: On Stranger Tides
54.4%
569.4Ben-Hur
53.7%
253.2Alien
52.8%
766.5Mary Poppins
52.6%
756.9Fantasia
52.6%
1035.6The Exorcist
51.6%
316.0Sleeping Beauty
51.5%
457.9Thunderball
51.5%
347.9Transformers
51.1%
426.2Transformers: Revenge of the Fallen
50.8%
352.4Transformers: Dark of the Moon
50.7%
389.0Bambi
50.6%
262.4Mission: Impossible
49.9%
366.0Top Gun
49.9%
264.5X2: X-Men United
49.8%
284.3Mission: Impossible II
49.8%
247.8Gladiator
49.7%
264.9X-Men: The Last Stand
49.7%
313.7The Incredibles
49%
720.4Pinocchio
48.9%
520.1Ghostbusters
48.8%
245.3Diamonds are Forever
48.8%
220.8Big
48.7%
Adj. Gross Movie % Correct
292.6You Only Live Twice
48.6%
245.4Psycho
48.6%
444.4Back to the Future
48.3%
596.3Grease
47.9%
444.0Independence Day
46.6%
815.6The Sting
46%
317.3Rambo: First Blood Part II
45.9%
708.9The Graduate
45.9%
626.5The Jungle Book
45.9%
233.2The Matrix
45.9%
346.4The Matrix Reloaded
45.7%
327.6Monsters, Inc.
45.5%
285.7Platoon
45.2%
497.3Home Alone
44.8%
353.5Men In Black
44.6%
281.2Home Alone 2: Lost In New York
44.6%
667.2The Ten Commandments
44.2%
234.8WALL-E
43.2%
373.12001: A Space Odyssey
43.1%
314.4The Twilight Saga: New Moon
42.6%
331.7West Side Story
42.5%
306.5The Twilight Saga: Eclipse
42.5%
478.5Close Encounters of the Third Kind
41.8%
632.2Butch Cassidy and the Sundance Kid
41.3%
246.6Apocalypse Now
41.3%
331.8Rain Man
40.8%
253.0King Kong
40.3%
320.5Dances with Wolves
40%
310.4Pretty Woman
39.9%
222.3Ice Age
39.9%
511.9Beverly Hills Cop
39.8%
226.3A Bug's Life
39.6%
294.9Lawrence of Arabia
39.6%
307.4Beverly Hills Cop 2
39.5%
441.0Peter Pan
39.1%
460.0One Flew Over the Cuckoo's Nest
38.9%
308.4Cast Away
38.8%
234.8Ocean's Eleven
38.4%
448.1101 Dalmatians
38.1%
527.0My Fair Lady
38%
804.2Doctor Zhivago
37.7%
298.4Inception
37.7%
399.2The Sixth Sense
37.6%
269.6Lethal Weapon 2
37.6%
234.4Lethal Weapon 3
37.4%
340.1Alice in Wonderland
37.4%
248.0The Bourne Ultimatum
37.1%
365.6Patton
37%
414.5Lady and the Tramp
37%
355.7Cleopatra
36.1%
416.4Tootsie
36%
225.0Ratatouille
35.9%
332.7Kramer vs. Kramer
35.9%
521.7Saturday Night Fever
35.8%
230.4Planet of the Apes
35.1%
224.6Madagascar
34.8%
229.6Airplane!
34.8%
344.1Mrs. Doubtfire
34.6%
622.4Love Story
33.8%
256.4Apollo 13
33.8%
246.1Oliver!
33.5%
242.8Rear Window
33.4%
276.4Robin Hood: Prince of Thieves
32.9%
293.4The Hangover
32.8%
254.5The Hangover Part II
32.4%
230.7The French Connection
32.4%
445.0The Passion of the Christ
32.4%
587.9Airport
32%
587.7American Graffiti
31.8%
533.6The Towering Inferno
31.6%
230.1Spartacus
31.5%
280.1Austin Powers: The Spy Who Shagged Me
31.4%
232.7Tarzan
31.4%
268.5Austin Powers in Goldmember
31.2%
549.7Blazing Saddles
30.8%
271.8The War of the Worlds
30.3%
325.8The Aristocats
30.3%
268.7The Bridge on the River Kwai
30.3%
256.5Despicable Me
29.9%
344.3Bonnie and Clyde
29.9%
492.8National Lampoon's Animal House
29.7%
288.7The Fugitive
29.2%
477.4M*A*S*H
28.6%
338.4The Chronicles of Narnia: The Lion the Witch and the Wardrobe
28.3%
350.8Twister
28.1%
323.1Gremlins
28%
223.3Jerry Maguire
28%
224.3Cabaret
28%
276.9Midnight Cowboy
27.8%
384.9Funny Girl
27.6%
506.6The Poseidon Adventure
27.5%
247.8Good Morning, Vietnam
27.2%
247.2Terms of Endearment
27%
385.0Guess Who's Coming to Dinner
26.9%
397.0Young Frankenstein
26.8%
229.6300
26.4%
298.3On Golden Pond
26.3%
243.9Air Force One
26.3%
335.0Meet the Fockers
26%
283.5Night at the Museum
25.6%
Adj. Gross Movie % Correct
366.6Earthquake
25.6%
239.5Charlie and the Chocolate Factory
25.5%
255.8Liar Liar
25.4%
226.1Kung Fu Panda
25.4%
279.5I Am Legend
25.3%
245.8The Da Vinci Code
25.2%
350.3Around the World in Eighty Days
25.2%
248.5The Firm
24.9%
473.9Smokey & the Bandit
24.6%
295.9Who Framed Roger Rabbit
24.5%
246.1Coming to America
24.5%
245.3There's Something About Mary
24.4%
298.5Bruce Almighty
24.4%
254.0Pearl Harbor
24.4%
287.3Signs
24%
259.3From Here to Eternity
23.7%
239.3Hancock
23.6%
238.3The Karate Kid: Part II
23.6%
223.8True Lies
23.5%
438.9The Rocky Horror Picture Show
23.5%
289.5Rush Hour 2
23.4%
253.4Easy Rider
23.4%
221.5Sherlock Holmes
23.4%
343.2How the Grinch Stole Christmas
23.1%
313.2Fatal Attraction
23%
450.8Fiddler on the Roof
22.9%
224.0The Day After Tomorrow
22.9%
335.63 Men and a Baby
22.6%
256.0Romeo & Juliet
22.6%
252.9White Christmas
22.6%
223.7Happy Feet
22.3%
242.7Wedding Crashers
22.2%
361.8Crocodile Dundee
22.1%
221.9How to Train Your Dragon
22%
239.8National Treasure: Book of Secrets
22%
221.5The Santa Clause
21.9%
224.6The Birth of a Nation
21.9%
411.2Song of the South
21.6%
274.7The Best Years of Our Lives
21%
222.4Big Daddy
21%
250.3Deliverance
20.9%
271.4The Blind Side
20.9%
293.6The Longest Day
20.8%
344.6How the West Was Won
20.7%
308.2The Greatest Show on Earth
20.5%
256.4Look Who's Talking
20.5%
343.1It's a Mad, Mad, Mad, Mad World
20%
304.2My Big Fat Greek Wedding
20%
255.0The Way We Were
19.9%
305.0An Officer and a Gentleman
19.9%
288.9South Pacific
19.8%
251.8A Star Is Born
19.8%
306.0The Robe
19.6%
278.3Bullitt
19.3%
244.3The Bible
19.3%
292.8The Odd Couple
19.1%
241.3What Women Want
19%
235.9Who's Afraid of Virginia Woolf?
19%
307.6The Dirty Dozen
18.9%
236.9Alvin and the Chipmunks
18.8%
284.1Nine to Five
18.7%
232.8Alvin and the Chipmunks: The Squeakquel
18.6%
224.5The Waterboy
18.6%
239.2Honey, I Shrunk the Kids
18.2%
226.2Sister Act
18.2%
309.9Swiss Family Robinson
17.6%
313.9The Love Bug
17.6%
230.7The Jerk
17.5%
242.2Hawaii
17.4%
310.1What's Up Doc?
17.3%
241.0The Perfect Storm
17.2%
285.2Notorious
16.9%
237.720,000 Leagues Under the Sea
16.9%
270.4The Amityville Horror
16.9%
278.6Tom Jones
16.8%
244.4Deep Throat
16.8%
313.0The Goodbye Girl
16.3%
272.4Papillon
16.1%
258.6The Mummy Returns
15.9%
343.8Heaven Can Wait
15.8%
257.3Porky's
15.5%
221.2The Jolson Story
15.3%
261.9Quo Vadis?
15.3%
235.4Teenage Mutant Ninja Turtles
15.2%
268.4The Bells of St. Marys
15.1%
287.9To Sir With Love
15%
240.1The Muppet Movie
14.9%
301.5Valley of the Dolls
14.5%
278.6Stir Crazy
14.5%
242.7Jeremiah Johnson
14.2%
226.2The Shaggy Dog
12.8%
274.5Samson and Delilah
12.3%
253.1Sergeant York
12%
228.4Magnum Force
11.9%
223.9Those Magnificent Men In Their Flying Machines
11.9%
233.4For Whom the Bell Tolls
11.6%
244.4The Born Losers
11.4%
255.6This is the Army
10.8%
237.5Duel in the Sun
10.4%
265.6The Dream is Alive
8%
Come Together.
Have Fun.
All Virtual.
We all need to come together. Play Sporcle's virtual live trivia to have fun, connect with people, and get your trivia on. Join a live hosted trivia game for your favorite pub trivia experience done virtually. If a virtual private party is more your thing, go here for details.

You're not logged in!

Compare scores with friends on all Sporcle quizzes.
OR
Log In

Sporcle TV

Today on Sporcle TV


Watch our educational content, quiz creation guides, and fun videos on Sporcle TV.

Show Comments

Extras

Top Quizzes Today


Score Distribution

Paid Content

Your Account Isn't Verified!

In order to create a playlist on Sporcle, you need to verify the email address you used during registration. Go to your Sporcle Settings to finish the process.

Report this User

Report this user for behavior that violates our Community Guidelines.

Details: